Linguística e ensino do português (Registo nº 201400)

Detalhes MARC
000 -Etiqueta do registo
Valores 00534nam 22001693 4500
100 ## - Dados gerais de processamento
Dados gerais 20260319d u||y0pory50 ba
200 ## - Titulo e menção de responsabilidade
Título próprio Linguística e ensino do português
Primeira menção de responsabilidade Emile Genouvrier, Jean Peytard
210 ## - Publicação
Local de publicação Coimbra
Nome do editor Livraria Almedina
Data de publicação [19--?]
215 ## - Descrição física 
Paginação / Volumes 443 p.
Outras indicações físicas brochado
Dimensões 19 cm
606 ## - Nome comum usado como assunto
ID Autoridade 11269
Palavra de ordem Questões gerais em linguística e literatura. Filologia
675 ## - CDU
Notação 80
Edição PT
Língua por
700 ## - Autor principal (pessoa individual)
ID Autoridade 16919
Apelido Genouvrier
Nome Emile
801 ## - Fonte de origem
País PT
Agência BMMN
Regras de catalogação RPC
830 ## - Notas gerais do catalogador
Criado por Fernando
Indexado por Fernando
990 ## - Elementos KOHA
Tipo de documento Livro
Exemplares
Situação do levantamento Biblioteca de origem Código de barras Cota Permissão de empréstimo Tipo de documento Forma de aquisição
  Biblioteca Municipal de Montemor-o-Novo 30724 81 GEN|DEP   Livro Compra

Powered by Koha